Nazwy Polski w różnych językach - Statystyki

Ogólne statystyki
  • Ten quiz został rozwiązany 378 razy
  • Średni wynik to 10 z 15
Statystyki odpowiedzi
nazwa poski w jakimś języku jaki to język % Poprawnych
Poland angielski
97%
Польша rosyjski
95%
波蘭 chiński
94%
Pologne francuski
84%
Польща ukraiński
84%
Polonia hiszpański
81%
Lengyelország węgierski
77%
بولندا arabski
76%
Polsko czeski
70%
Πολωνία grecki
62%
Puola fiński
40%
Poljska chorwacki
38%
โปแลนด์ tajski
31%
פולין hebrajski
29%
Polşa azerski
8%
Nie znaleziono quizów pasujących do podanych kryteriów
Rozkład punktacji
Procent ludzi z każdym wynikiem
Percentyl według liczby udzielonych odpowiedzi
Twoja historia wyników
Nie rozwiązałeś tego quizu